[Event "64 Villalba CC op 10th"]
[Site "Collado Villalba ESP"]
[Date "2025.08.07"]
[Round "4.4"]
[White "Suarez Paz, Alfonso"]
[Black "Gutierrez Diaz, Pablo"]
[Result "0-1"]
[WhiteElo "1815"]
[BlackElo "2023"]
[WhiteFideId "-1"]
[BlackFideId "-1"]
[PlyCount "124"]
[GameId "2244052088509152"]
[EventDate "2025.08.04"]
[EventType "swiss"]
[EventRounds "9"]
[EventCountry "ESP"]
[SourceTitle "Ajedrez en Madrid"]
[Source "lmi"]
[SourceDate "2025.08.04"]
[SourceVersion "1"]
[SourceVersionDate "2025.12.11"]
[SourceQuality "1"]

1. e4 c5 2. d4 cxd4 3. c3 d3 4. Bxd3 g6 5. Be3 Bg7 6. h3 Nc6 7. Nf3 Nf6 8. O-O O-O 9. Na3 d5 10. exd5 Nxd5 11. Qe2 Nxe3 12. Qxe3 a6 13. Rad1 Qc7 14. Nb1 Be6 15. b3 Qa5 16. Qd2 Rad8 17. Qc2 Qh5 18. Nbd2 Bxh3 19. gxh3 Qxh3 20. Be4 Bh6 21. Bxc6 bxc6 22. Nh2 Rd5 23. Ndf3 Rh5 24. Qe4 Rf5 25. Qg4 Qxg4+ 26. Nxg4 Bg7 27. Kg2 Ra5 28. Rd2 Bxc3 29. Rc2 Bg7 30. Rd1 e5 31. Re1 e4 32. Nfh2 Re8 33. Ne3 Rg5+ 34. Kf1 f5 35. Ke2 f4 36. Nc4 f3+ 37. Nxf3 exf3+ 38. Kxf3 Rf8+ 39. Ke2 Bd4 40. Kf1 Rgf5 41. Ree2 c5 42. Nd6 Rf4 43. Ne4 R8f5 44. Nd6 Rf6 45. Ne4 Re6 46. Ng5 Rxe2 47. Rxe2 Rf6 48. Ne4 Re6 49. f3 Kg7 50. Rc2 Re5 51. Kg2 g5 52. Kg3 h5 53. Nd6 Kg6 54. Nc4 Re1 55. Rg2 Rc1 56. Nd2 Kf5 57. Nc4 h4+ 58. Kh2 Rf1 59. Nd6+ Ke6 60. Ne4 Be5+ 61. Kh3 Rxf3+ 62. Kg4 Rf4+ 0-1

[Event "64 Villalba CC op 10th"]
[Site "Collado Villalba ESP"]
[Date "2025.08.07"]
[Round "4.5"]
[White "Alvarez Guerrero, Dylan"]
[Black "Alvarez Lee, Felix"]
[Result "0-1"]
[WhiteElo "1800"]
[BlackElo "1967"]
[WhiteFideId "-1"]
[BlackFideId "-1"]
[PlyCount "92"]
[GameId "2244612156375144"]
[EventDate "2025.08.04"]
[EventType "swiss"]
[EventRounds "9"]
[EventCountry "ESP"]
[SourceTitle "Ajedrez en Madrid"]
[Source "lmi"]
[SourceDate "2025.08.04"]
[SourceVersion "1"]
[SourceVersionDate "2025.12.11"]
[SourceQuality "1"]

1. d4 Nf6 2. Bf4 d5 3. Nf3 c5 4. e3 Nc6 5. c3 e6 6. Nbd2 Be7 7. Ne5 Nxe5 8. dxe5 Nd7 9. Bd3 Nf8 10. Nf3 Ng6 11. Bg3 Bd7 12. O-O O-O 13. e4 Bc6 14. exd5 Bxd5 15. c4 Bc6 16. Re1 h5 17. h3 h4 18. Bh2 Qb6 19. Qe2 Rad8 20. b3 a5 21. Rad1 a4 22. bxa4 Bxa4 23. Rb1 Qc7 24. Be4 Bc6 25. Rb2 Rd7 26. Reb1 Rfd8 27. Bxc6 Qxc6 28. Rd2 Qa4 29. Rbd1 Rxd2 30. Rxd2 Rxd2 31. Qxd2 Qxc4 32. Ne1 Qd5 33. Qxd5 exd5 34. f4 c4 35. f5 Bc5+ 36. Kf1 Ne7 37. f6 gxf6 38. exf6 Nf5 39. Ke2 Bd4 40. Nc2 Bxf6 41. Bg1 d4 42. Na3 d3+ 43. Kd2 Bg5+ 44. Kc3 d2 45. Kc2 c3 46. Nb1 Be3 0-1

[Event "64 Villalba CC op 10th"]
[Site "Collado Villalba ESP"]
[Date "2025.08.07"]
[Round "4.6"]
[White "Lorenzo Martin, Hector"]
[Black "Martin Consuegra, Barrilero Javier"]
[Result "1-0"]
[WhiteElo "1930"]
[BlackElo "1813"]
[WhiteFideId "-1"]
[BlackFideId "-1"]
[PlyCount "59"]
[GameId "2244615121027212"]
[EventDate "2025.08.04"]
[EventType "swiss"]
[EventRounds "9"]
[EventCountry "ESP"]
[SourceTitle "Ajedrez en Madrid"]
[Source "lmi"]
[SourceDate "2025.08.04"]
[SourceVersion "1"]
[SourceVersionDate "2025.12.11"]
[SourceQuality "1"]

1. b3 d6 2. Bb2 e5 3. d4 exd4 4. Qxd4 Nc6 5. Qd2 Nf6 6. Nf3 Be7 7. Nc3 h6 8. e4 Be6 9. Bb5 a6 10. Bxc6+ bxc6 11. e5 dxe5 12. Qe2 e4 13. Nxe4 Qd5 14. Nxf6+ gxf6 15. O-O Rg8 16. Rad1 Qh5 17. Rd4 Bd6 18. Rh4 Qg6 19. Nd4 f5 20. Nxe6 fxe6 21. f4 Kf7 22. Rh3 Raf8 23. Rg3 Qh7 24. Re1 Rg6 25. Qc4 Re8 26. Rge3 Qg8 27. R1e2 Qf8 28. Be5 Be7 29. Kf1 Bb4 30. Qxc6 1-0

[Event "64 Villalba CC op 10th"]
[Site "Collado Villalba ESP"]
[Date "2025.08.07"]
[Round "4.7"]
[White "Del Olmo Linares, Marco"]
[Black "Mata Medina, Andres"]
[Result "0-1"]
[WhiteElo "1766"]
[BlackElo "1870"]
[WhiteFideId "-1"]
[BlackFideId "-1"]
[PlyCount "130"]
[GameId "2244617859969279"]
[EventDate "2025.08.04"]
[EventType "swiss"]
[EventRounds "9"]
[EventCountry "ESP"]
[SourceTitle "Ajedrez en Madrid"]
[Source "lmi"]
[SourceDate "2025.08.04"]
[SourceVersion "1"]
[SourceVersionDate "2025.12.11"]
[SourceQuality "1"]

1. c4 e6 2. Nf3 d5 3. g3 Nf6 4. Bg2 Be7 5. O-O O-O 6. b3 c5 7. d3 Nc6 8. Nbd2 a5 9. Bb2 a4 10. bxa4 d4 11. Qb3 Bd7 12. e3 e5 13. exd4 exd4 14. Ba3 Na5 15. Qc2 Re8 16. Ne5 Bf5 17. Ne4 Nxe4 18. dxe4 Be6 19. f4 f6 20. f5 Bxf5 21. Rxf5 fxe5 22. Rxe5 d3 23. Qf2 Nxc4 24. Rd5 Bf6 25. Qxc5 Qb6 26. Rd1 Qxc5+ 27. Bxc5 Nb2 28. R1xd3 Nxd3 29. Rxd3 Rxa4 30. a3 Rc4 31. Bb4 Rd8 32. Rxd8+ Bxd8 33. e5 Bb6+ 34. Kf1 Rc1+ 35. Ke2 Rc2+ 36. Kf1 Rf2+ 37. Kg1 Rf5+ 38. Kh1 Rxe5 39. Bxb7 Bc5 40. Bc6 Bxb4 41. axb4 Re2 42. Kg1 Kf7 43. Bd5+ Kf6 44. b5 Rb2 45. Bc6 Ke5 46. Be8 Kd4 47. Bd7 Ke3 48. Be8 Kf3 49. Bc6+ Kg4 50. Be8 g5 51. Bc6 Kh3 52. Bd7+ g4 53. Bf5 Rg2+ 54. Kf1 Rxh2 55. Bd3 h6 56. Be2 Kxg3 57. Ke1 Rh4 58. Bf1 Rh5 59. b6 Re5+ 60. Kd2 Re6 61. b7 Rb6 62. Ba6 Kf2 63. Kd3 g3 64. Kd4 g2 65. Kc5 Rxb7 0-1

[Event "64 Villalba CC op 10th"]
[Site "Collado Villalba ESP"]
[Date "2025.08.07"]
[Round "4.8"]
[White "Ezcurra Garzo, Adrian"]
[Black "De Luna Butz, Alberto"]
[Result "1-0"]
[WhiteElo "2065"]
[BlackElo "1789"]
[WhiteFideId "-1"]
[BlackFideId "-1"]
[PlyCount "61"]
[GameId "2244621373739281"]
[EventDate "2025.08.04"]
[EventType "swiss"]
[EventRounds "9"]
[EventCountry "ESP"]
[SourceTitle "Ajedrez en Madrid"]
[Source "lmi"]
[SourceDate "2025.08.04"]
[SourceVersion "1"]
[SourceVersionDate "2025.12.11"]
[SourceQuality "1"]

1. e4 e6 2. d4 d5 3. e5 c5 4. c3 Qb6 5. Nf3 Bd7 6. Be2 Bb5 7. Bxb5+ Qxb5 8. Na3 Qa6 9. dxc5 Bxc5 10. b4 Be7 11. Nd4 h5 12. Qc2 Nd7 13. f4 Nh6 14. Nab5 Rc8 15. O-O Bxb4 16. f5 Bxc3 17. Nxc3 Qc4 18. Qf2 Ng4 19. Qf4 exf5 20. Ncb5 O-O 21. Nd6 Qc3 22. Bd2 Qd3 23. Rf3 Qa6 24. Nxc8 Rxc8 25. Qxf5 Ngxe5 26. Rc3 Rxc3 27. Bxc3 Qd3 28. Qxd3 Nxd3 29. Rd1 Nf4 30. g3 Ne6 31. Nf5 1-0

[Event "64 Villalba CC op 10th"]
[Site "Collado Villalba ESP"]
[Date "2025.08.07"]
[Round "4.10"]
[White "Rodriguez Del Pino, Daniel"]
[Black "Rajadel Rebollido, Thalia"]
[Result "1-0"]
[WhiteElo "1872"]
[BlackElo "1769"]
[WhiteFideId "-1"]
[BlackFideId "-1"]
[PlyCount "63"]
[GameId "2244698192330872"]
[EventDate "2025.08.04"]
[EventType "swiss"]
[EventRounds "9"]
[EventCountry "ESP"]
[SourceTitle "Ajedrez en Madrid"]
[Source "lmi"]
[SourceDate "2025.08.04"]
[SourceVersion "1"]
[SourceVersionDate "2025.12.11"]
[SourceQuality "1"]

1. e4 e5 2. Nf3 Nc6 3. Bc4 Nf6 4. Ng5 d5 5. exd5 Na5 6. Bb5+ c6 7. dxc6 bxc6 8. Bd3 Nd5 9. Nf3 Bd6 10. O-O Nf4 11. Nc3 Nxd3 12. cxd3 O-O 13. Re1 Re8 14. Ne4 Bc7 15. b4 Nb7 16. Bb2 Qxd3 17. Re3 Qd8 18. Nfg5 Bf5 19. Qf3 Bg6 20. h4 f6 21. h5 Bxe4 22. Nxe4 Nd6 23. Rd3 Qe7 24. Nxd6 Bxd6 25. Qxc6 Bxb4 26. Rd7 Qf8 27. Qc4+ Kh8 28. Rf7 Qc5 29. Qg4 Rg8 30. Rc1 Qd5 31. Rcc7 Bf8 32. h6 1-0

[Event "64 Villalba CC op 10th"]
[Site "Collado Villalba ESP"]
[Date "2025.08.07"]
[Round "4.11"]
[White "Armesto Robledo, Sebastian Carlos"]
[Black "Perez Gutierrez, Jose Antonio"]
[Result "1/2-1/2"]
[WhiteElo "1867"]
[BlackElo "1725"]
[WhiteFideId "-1"]
[BlackFideId "-1"]
[PlyCount "128"]
[GameId "2244703080820874"]
[EventDate "2025.08.04"]
[EventType "swiss"]
[EventRounds "9"]
[EventCountry "ESP"]
[SourceTitle "Ajedrez en Madrid"]
[Source "lmi"]
[SourceDate "2025.08.04"]
[SourceVersion "1"]
[SourceVersionDate "2025.12.11"]
[SourceQuality "1"]

1. b3 Nf6 2. Bb2 c5 3. Nf3 Nc6 4. e3 d5 5. d4 Bg4 6. Nbd2 cxd4 7. exd4 e6 8. Be2 Bd6 9. O-O O-O 10. h3 Bh5 11. Ne5 Bxe2 12. Qxe2 Rc8 13. c3 Qc7 14. f4 Nd7 15. Qg4 Nf6 16. Qe2 Rce8 17. Rf3 Nd7 18. Raf1 f6 19. Nd3 e5 20. fxe5 fxe5 21. Rxf8+ Rxf8 22. Rxf8+ Nxf8 23. dxe5 Nxe5 24. Nf3 Nxd3 25. Qxd3 Qc5+ 26. Qd4 Qxd4+ 27. cxd4 Ne6 28. Ne1 Kf7 29. Nc2 a5 30. Kf1 Nf4 31. Bc3 Bc7 32. a4 Ke6 33. b4 axb4 34. Bxb4 Kf5 35. Na3 Bb6 36. Nb5 Ke4 37. Bc5 Bxc5 38. dxc5 Ke5 39. Nd6 d4 40. Nxb7 Kd5 41. a5 Kc6 42. a6 Ne6 43. Ke1 Nc7 44. Nd8+ Kxc5 45. a7 Kd6 46. Kd2 Kd7 47. Nb7 Kc6 48. Nd8+ Kd7 49. Nf7 Kc6 50. Kd3 Kd5 51. Ng5 h6 52. Nf3 Kc6 53. Nxd4+ Kb7 54. Nf5 Ne6 55. a8=Q+ Kxa8 56. Ke4 Nc5+ 57. Kd5 Nd3 58. Ke4 Nc5+ 59. Kd5 Nd3 60. Ne3 Nf4+ 61. Ke5 g5 62. Kf5 Kb7 63. h4 Nxg2 64. Nxg2 gxh4 1/2-1/2

[Event "64 Villalba CC op 10th"]
[Site "Collado Villalba ESP"]
[Date "2025.08.07"]
[Round "4.12"]
[White "Blanco Barrios, Aitana"]
[Black "Yaniz Lana, Francisco Javier"]
[Result "1-0"]
[WhiteElo "1893"]
[BlackElo "1670"]
[WhiteFideId "-1"]
[BlackFideId "-1"]
[PlyCount "73"]
[GameId "2245488247894197"]
[EventDate "2025.08.04"]
[EventType "swiss"]
[EventRounds "9"]
[EventCountry "ESP"]
[SourceTitle "Ajedrez en Madrid"]
[Source "lmi"]
[SourceDate "2025.08.04"]
[SourceVersion "1"]
[SourceVersionDate "2025.12.11"]
[SourceQuality "1"]

1. e4 c5 2. Nf3 Nc6 3. d4 cxd4 4. Nxd4 g6 5. c4 Bg7 6. Be3 Nf6 7. Nc3 O-O 8. Be2 d6 9. Qd2 a6 10. O-O Bg4 11. Rac1 Nxd4 12. Bxd4 Bxe2 13. Qxe2 Rc8 14. b3 Qd7 15. f3 Qc6 16. Rfd1 b5 17. cxb5 axb5 18. Qxb5 Qa8 19. Qe2 Rc6 20. Na4 Rxc1 21. Rxc1 Qa5 22. Qb2 Bh6 23. Rd1 Rb8 24. Bxf6 exf6 25. Qxf6 Qa7+ 26. Kh1 Bf8 27. Qd4 Qa6 28. Qd3 Qa5 29. Qd2 Qa6 30. Nc3 Bg7 31. Nd5 Kf8 32. Nc7 Qa3 33. Qxd6+ Qxd6 34. Rxd6 Rc8 35. Rc6 Kg8 36. Nd5 Rd8 37. Rc8 1-0

[Event "64 Villalba CC op 10th"]
[Site "Collado Villalba ESP"]
[Date "2025.08.07"]
[Round "4.13"]
[White "De Juan Huarte, Federico"]
[Black "Barahona Torrijos, Angel"]
[Result "1-0"]
[WhiteElo "1597"]
[BlackElo "1841"]
[WhiteFideId "-1"]
[BlackFideId "-1"]
[PlyCount "65"]
[GameId "2245491911229655"]
[EventDate "2025.08.04"]
[EventType "swiss"]
[EventRounds "9"]
[EventCountry "ESP"]
[SourceTitle "Ajedrez en Madrid"]
[Source "lmi"]
[SourceDate "2025.08.04"]
[SourceVersion "1"]
[SourceVersionDate "2025.12.11"]
[SourceQuality "1"]

1. e4 e5 2. Nf3 Nc6 3. Bb5 a6 4. Ba4 Nf6 5. O-O Nxe4 6. d4 b5 7. Bb3 d5 8. dxe5 Be6 9. c3 Bc5 10. Nbd2 O-O 11. Bc2 Bf5 12. Qe2 Nxc3 13. bxc3 Bxc2 14. Nb3 Bxb3 15. axb3 Re8 16. Re1 Qd7 17. Bf4 Nd8 18. c4 Ne6 19. Bg3 dxc4 20. bxc4 c6 21. Red1 Qa7 22. Qe4 Qc7 23. Qf5 Be7 24. Nd4 Nxd4 25. Rxd4 Qc8 26. Rd7 Rd8 27. e6 Rxd7 28. Qxf7+ Kh8 29. exd7 Qf8 30. Qxf8+ Rxf8 31. Re1 Bf6 32. Re8 Kg8 33. Bd6 1-0

[Event "64 Villalba CC op 10th"]
[Site "Collado Villalba ESP"]
[Date "2025.08.07"]
[Round "4.14"]
[White "Mi, Mengma"]
[Black "Camarero Izquierdo, Juan Carlos"]
[Result "0-1"]
[WhiteElo "1542"]
[BlackElo "1806"]
[WhiteFideId "-1"]
[BlackFideId "-1"]
[PlyCount "57"]
[GameId "2245680062496832"]
[EventDate "2025.08.04"]
[EventType "swiss"]
[EventRounds "9"]
[EventCountry "ESP"]
[SourceTitle "Ajedrez en Madrid"]
[Source "lmi"]
[SourceDate "2025.08.04"]
[SourceVersion "1"]
[SourceVersionDate "2025.12.11"]
[SourceQuality "1"]

1. e4 c5 2. c3 e6 3. d4 d5 4. Nd2 Nc6 5. Ne2 Nf6 6. e5 Ng4 7. h3 Nh6 8. Nf3 Nf5 9. g4 Nh4 10. Nxh4 Qxh4 11. Be3 cxd4 12. cxd4 Bb4+ 13. Nc3 O-O 14. Qd2 f6 15. exf6 Qxf6 16. O-O-O a5 17. f4 a4 18. g5 Qe7 19. Bb5 a3 20. b3 Bd7 21. Bxc6 Rac8 22. Kb1 Rxc6 23. Rc1 Rfc8 24. Nxd5 exd5 25. Qf2 Qe4+ 26. Ka1 Bc3+ 27. Rxc3 Qxh1+ 28. Qg1 Qxg1+ 29. Bxg1 0-1

[Event "64 Villalba CC op 10th"]
[Site "Collado Villalba ESP"]
[Date "2025.08.07"]
[Round "4.16"]
[White "Rodriguez Sanchez, Juan Carlos"]
[Black "Candeleda Mayoral, Ramon"]
[Result "1-0"]
[WhiteElo "1781"]
[BlackElo "1620"]
[WhiteFideId "-1"]
[BlackFideId "-1"]
[PlyCount "89"]
[GameId "2244628545347895"]
[EventDate "2025.08.04"]
[EventType "swiss"]
[EventRounds "9"]
[EventCountry "ESP"]
[SourceTitle "Ajedrez en Madrid"]
[Source "lmi"]
[SourceDate "2025.08.04"]
[SourceVersion "1"]
[SourceVersionDate "2025.12.11"]
[SourceQuality "1"]

1. d4 Nf6 2. c4 e5 3. dxe5 Ne4 4. Nf3 Bb4+ 5. Nbd2 Nc6 6. a3 Bxd2+ 7. Bxd2 Nxd2 8. Qxd2 Qe7 9. Qd5 O-O 10. e3 Re8 11. O-O-O Nxe5 12. Nxe5 Qxe5 13. Be2 d6 14. Qxe5 Rxe5 15. Bf3 Rb8 16. b4 Be6 17. Rd4 b6 18. Rhd1 g6 19. Bd5 Bxd5 20. cxd5 Rbe8 21. Rc4 Rc8 22. Rd3 f5 23. f3 Re7 24. Kd2 Rce8 25. Rdc3 Rc8 26. Rc6 Rd7 27. b5 Kf7 28. R3c4 Kf6 29. Kd3 Ke5 30. Rd4 Re7 31. f4+ Kf6 32. e4 fxe4+ 33. Rxe4 Rxe4 34. Kxe4 Re8+ 35. Kf3 Re7 36. g4 h5 37. h3 hxg4+ 38. hxg4 g5 39. Rc4 gxf4 40. Kxf4 Rf7 41. Ra4 Kg6+ 42. Kg3 Kf6 43. Rf4+ Kg6 44. Rxf7 Kxf7 45. Kf4 1-0

[Event "64 Villalba CC op 10th"]
[Site "Collado Villalba ESP"]
[Date "2025.08.07"]
[Round "4.17"]
[White "Pan, Angel Jiaye"]
[Black "Dorado Gregorio, Javier"]
[Result "1-0"]
[WhiteElo "1634"]
[BlackElo "1617"]
[WhiteFideId "-1"]
[BlackFideId "-1"]
[PlyCount "73"]
[GameId "2245682162573411"]
[EventDate "2025.08.04"]
[EventType "swiss"]
[EventRounds "9"]
[EventCountry "ESP"]
[SourceTitle "Ajedrez en Madrid"]
[Source "lmi"]
[SourceDate "2025.08.04"]
[SourceVersion "1"]
[SourceVersionDate "2025.12.11"]
[SourceQuality "1"]

1. d4 e6 2. Nf3 d5 3. e3 Nf6 4. Bd3 Bd6 5. Nbd2 b6 6. O-O c5 7. b3 Qc7 8. Bb2 Nbd7 9. Rc1 Bb7 10. c4 dxc4 11. Nxc4 O-O 12. Nxd6 Bxf3 13. Nb5 Qxh2+ 14. Kxh2 Bxd1 15. Rcxd1 cxd4 16. Bxd4 e5 17. Bb2 Nc5 18. Ba3 Ng4+ 19. Kg1 f5 20. Bxc5 bxc5 21. Bc4+ Kh8 22. Nc7 Rab8 23. Ne6 Rf6 24. Nxc5 h5 25. Nd7 Rg6 26. Nxb8 f4 27. Rd8+ Kh7 28. Bd3 fxe3 29. Bxg6+ Kxg6 30. Rd6+ Kg5 31. fxe3 Nxe3 32. Rf7 Kh4 33. Rxg7 Nf5 34. Rdg6 Nxg7 35. Rxg7 a5 36. Kh2 e4 37. g3# 1-0

[Event "64 Villalba CC op 10th"]
[Site "Collado Villalba ESP"]
[Date "2025.08.07"]
[Round "4.18"]
[White "Escribano Santiago, Ignacio"]
[Black "Anton Sanz, Jose Carlos"]
[Result "1/2-1/2"]
[WhiteElo "1492"]
[BlackElo "1625"]
[WhiteFideId "-1"]
[BlackFideId "-1"]
[PlyCount "81"]
[GameId "2245684721246322"]
[EventDate "2025.08.04"]
[EventType "swiss"]
[EventRounds "9"]
[EventCountry "ESP"]
[SourceTitle "Ajedrez en Madrid"]
[Source "lmi"]
[SourceDate "2025.08.04"]
[SourceVersion "1"]
[SourceVersionDate "2025.12.11"]
[SourceQuality "1"]

1. Nf3 f5 2. d4 e6 3. c4 Nf6 4. Nc3 Bb4 5. Bd2 b6 6. a3 Bxc3 7. Bxc3 Bb7 8. g3 O-O 9. Bg2 Ne4 10. O-O Nxc3 11. bxc3 d6 12. e3 Nd7 13. Re1 Nf6 14. Ng5 Qc8 15. Bxb7 Qxb7 16. Nxe6 Rfe8 17. d5 c6 18. Nf4 Rac8 19. Qd3 Re5 20. Red1 g5 21. dxc6 Qxc6 22. Qxd6 Qxd6 23. Rxd6 Ne4 24. Rd5 Rxd5 25. Nxd5 Kf7 26. Rd1 Rxc4 27. Rd4 Rc5 28. f3 Nd6 29. Nxb6 axb6 30. Rxd6 Rxc3 31. Rxb6 Rxe3 32. Kf2 Rxa3 33. Rb2 Ke6 34. Re2+ Kf6 35. Re3 Ra1 36. Re1 Rxe1 37. Kxe1 Ke5 38. Ke2 h5 39. h4 gxh4 40. gxh4 Kf4 41. Kf2 1/2-1/2

[Event "64 Villalba CC op 10th"]
[Site "Collado Villalba ESP"]
[Date "2025.08.08"]
[Round "5.1"]
[White "Roa Alonso, Santiago"]
[Black "Ubilava, Elizbar"]
[Result "0-1"]
[WhiteElo "2349"]
[BlackElo "2375"]
[WhiteFideId "-1"]
[BlackFideId "-1"]
[PlyCount "100"]
[GameId "2245708670251068"]
[EventDate "2025.08.04"]
[EventType "swiss"]
[EventRounds "9"]
[EventCountry "ESP"]
[SourceTitle "Ajedrez en Madrid"]
[Source "lmi"]
[SourceDate "2025.08.04"]
[SourceVersion "1"]
[SourceVersionDate "2025.12.11"]
[SourceQuality "1"]

1. e4 c5 2. Nf3 d6 3. d4 cxd4 4. Nxd4 Nf6 5. Nc3 a6 6. Be2 e5 7. Nf3 Be7 8. O-O O-O 9. a4 Qc7 10. Re1 h6 11. h3 Be6 12. Nh2 Nbd7 13. Ng4 Nxg4 14. hxg4 Nf6 15. g5 hxg5 16. Bxg5 Nh7 17. Be3 Bg5 18. Bxg5 Nxg5 19. Bd3 g6 20. Qd2 Qe7 21. f4 exf4 22. Qxf4 Kg7 23. e5 Rad8 24. Re3 dxe5 25. Rxe5 f6 26. Re3 Qc5 27. Ne4 Nxe4 28. Qxe4 Bf7 29. b4 Qc7 30. Rae1 Rfe8 31. Qf3 Qb6 32. b5 Qd4 33. bxa6 bxa6 34. Bxa6 Rxe3 35. Qxe3 Qxa4 36. Bd3 Qb4 37. Qe7 Qb6+ 38. Qe3 Qc7 39. Qe7 Rd7 40. Qe3 Qd6 41. Re2 Rc7 42. Rf2 Re7 43. Qd2 Re5 44. Bf1 Rd5 45. Qf4 Qb6 46. Bd3 Ra5 47. Qd2 Ra1+ 48. Kh2 g5 49. Be4 Qb8+ 50. g3 Qh8+ 0-1

[Event "64 Villalba CC op 10th"]
[Site "Collado Villalba ESP"]
[Date "2025.08.08"]
[Round "5.2"]
[White "Elissalt Cardenas, Hector"]
[Black "Centeno Mendoza, Julio Stefano"]
[Result "1-0"]
[WhiteElo "2310"]
[BlackElo "2118"]
[WhiteFideId "-1"]
[BlackFideId "-1"]
[PlyCount "37"]
[GameId "2209408404390055"]
[EventDate "2025.08.04"]
[EventType "swiss"]
[EventRounds "9"]
[EventCountry "ESP"]
[SourceTitle "Ajedrez en Madrid"]
[Source "lmi"]
[SourceDate "2025.08.04"]
[SourceVersion "1"]
[SourceVersionDate "2025.12.11"]
[SourceQuality "1"]

1. d4 d5 2. c4 e6 3. Nf3 Nf6 4. Bf4 Be7 5. Nc3 c6 6. e3 Nbd7 7. c5 b6 8. b4 a5 9. a3 Ba6 10. Bxa6 Rxa6 11. b5 cxb5 12. c6 O-O 13. Nxb5 Nh5 14. Bc7 Qc8 15. cxd7 Qxd7 16. Qe2 Nf6 17. O-O Raa8 18. Ne5 Qe8 19. Rfc1 1-0

[Event "64 Villalba CC op 10th"]
[Site "Collado Villalba ESP"]
[Date "2025.08.08"]
[Round "5.3"]
[White "Rodriguez Melendez, Juan Humbert"]
[Black "Alvarez Lee, Felix"]
[Result "1-0"]
[WhiteElo "2125"]
[BlackElo "1967"]
[WhiteFideId "-1"]
[BlackFideId "-1"]
[PlyCount "49"]
[GameId "2213600031388267"]
[EventDate "2025.08.04"]
[EventType "swiss"]
[EventRounds "9"]
[EventCountry "ESP"]
[SourceTitle "Ajedrez en Madrid"]
[Source "lmi"]
[SourceDate "2025.08.04"]
[SourceVersion "1"]
[SourceVersionDate "2025.12.11"]
[SourceQuality "1"]

1. e4 e5 2. Nf3 Nc6 3. Bb5 a6 4. Ba4 Nf6 5. O-O Be7 6. Re1 b5 7. Bb3 O-O 8. a4 b4 9. d3 d6 10. Nbd2 Na5 11. Ba2 c5 12. c3 Nc6 13. Nf1 Be6 14. Bxe6 fxe6 15. d4 Kh8 16. d5 exd5 17. exd5 Nb8 18. Ng5 Qc8 19. Ne3 Ng8 20. Ne6 Rf6 21. Qg4 Rg6 22. Qh5 Nd7 23. f4 exf4 24. Nf5 f3 25. Nf4 1-0

[Event "64 Villalba CC op 10th"]
[Site "Collado Villalba ESP"]
[Date "2025.08.08"]
[Round "5.4"]
[White "Mata Medina, Andres"]
[Black "Gutierrez Diaz, Pablo"]
[Result "0-1"]
[WhiteElo "1870"]
[BlackElo "2023"]
[WhiteFideId "-1"]
[BlackFideId "-1"]
[PlyCount "78"]
[GameId "2245711070249324"]
[EventDate "2025.08.04"]
[EventType "swiss"]
[EventRounds "9"]
[EventCountry "ESP"]
[SourceTitle "Ajedrez en Madrid"]
[Source "lmi"]
[SourceDate "2025.08.04"]
[SourceVersion "1"]
[SourceVersionDate "2025.12.11"]
[SourceQuality "1"]

1. d4 Nf6 2. c4 g6 3. Nc3 Bg7 4. e4 d6 5. Be2 O-O 6. Be3 c5 7. d5 e6 8. Nf3 exd5 9. exd5 Re8 10. O-O Ne4 11. Nxe4 Rxe4 12. Qc2 Re8 13. Rab1 a5 14. Bg5 Qc7 15. h4 Bg4 16. Rfe1 Nd7 17. Nh2 Bf5 18. Bd3 Bxd3 19. Qxd3 Ne5 20. Qe4 f5 21. Qc2 Qf7 22. Re2 h6 23. Bf4 Qf6 24. Bxe5 dxe5 25. g3 e4 26. Rd1 Qd6 27. Nf1 Bd4 28. Kg2 Re5 29. Qd2 Kh7 30. f3 Rf8 31. f4 Re7 32. Qxa5 Rg7 33. Qd2 Qf6 34. Ne3 Ra8 35. a3 Ra6 36. Rh1 Rb6 37. Nd1 Rb3 38. Qc2 Rf3 39. h5 gxh5 0-1

[Event "64 Villalba CC op 10th"]
[Site "Collado Villalba ESP"]
[Date "2025.08.08"]
[Round "5.5"]
[White "Palomino Menendez, Salvador"]
[Black "Ezcurra Garzo, Adrian"]
[Result "0-1"]
[WhiteElo "1980"]
[BlackElo "2065"]
[WhiteFideId "-1"]
[BlackFideId "-1"]
[PlyCount "74"]
[GameId "2245712115536250"]
[EventDate "2025.08.04"]
[EventType "swiss"]
[EventRounds "9"]
[EventCountry "ESP"]
[SourceTitle "Ajedrez en Madrid"]
[Source "lmi"]
[SourceDate "2025.08.04"]
[SourceVersion "1"]
[SourceVersionDate "2025.12.11"]
[SourceQuality "1"]

1. e4 c5 2. Nf3 Nf6 3. Nc3 e6 4. d3 d5 5. Bg5 Be7 6. Qd2 Nc6 7. O-O-O b5 8. e5 Nd7 9. Bxe7 Qxe7 10. Nxb5 Ndxe5 11. Nxe5 Nxe5 12. Qf4 f6 13. d4 cxd4 14. Nxd4 Bd7 15. Qg3 O-O 16. f4 Nc6 17. Nb3 a5 18. Qe3 a4 19. Nd4 a3 20. b3 Qc5 21. Nf5 Qa5 22. Nd4 Qc5 23. Qd2 Nb4 24. Kb1 Rac8 25. c3 Qxc3 26. Qxc3 Rxc3 27. Bb5 Bxb5 28. Nxb5 Rc2 29. Nxa3 Rxa2 30. Rd4 Ra8 31. Rxb4 R8xa3 32. Ra4 Ra1+ 33. Kb2 Rxa4 34. Rxa1 Rxa1 35. Kxa1 e5 36. Kb2 Kf8 37. Kc3 Ke7 0-1

[Event "64 Villalba CC op 10th"]
[Site "Collado Villalba ESP"]
[Date "2025.08.08"]
[Round "5.6"]
[White "Torres Torres, George Maycol"]
[Black "Lopez de Turiso, Jose Angel"]
[Result "1-0"]
[WhiteElo "1919"]
[BlackElo "1975"]
[WhiteFideId "-1"]
[BlackFideId "-1"]
[PlyCount "119"]
[GameId "2246902388379970"]
[EventDate "2025.08.04"]
[EventType "swiss"]
[EventRounds "9"]
[EventCountry "ESP"]
[SourceTitle "Ajedrez en Madrid"]
[Source "lmi"]
[SourceDate "2025.08.04"]
[SourceVersion "1"]
[SourceVersionDate "2025.12.11"]
[SourceQuality "1"]

1. e4 c5 2. c3 d5 3. exd5 Qxd5 4. Nf3 e5 5. d4 cxd4 6. cxd4 Nc6 7. Nc3 Bb4 8. Bd2 Bxc3 9. Bxc3 e4 10. Nd2 Nf6 11. Bc4 Qg5 12. Qe2 Qxg2 13. O-O-O Bg4 14. f3 Qxe2 15. Bxe2 exf3 16. Bxf3 Bxf3 17. Rhe1+ Kf8 18. Nxf3 Nd5 19. Ng5 h6 20. Ne4 g6 21. Nd6 b6 22. Rf1 Rh7 23. Rde1 Rd8 24. Re6 Nce7 25. Ne4 f5 26. Nf6 Rf7 27. Nxd5 Rxd5 28. Rfe1 a5 29. Bd2 f4 30. Rxb6 Rh5 31. Rb8+ Kg7 32. Bxf4 Rxf4 33. Rxe7+ Rf7 34. Rbb7 Rxe7 35. Rxe7+ Kf6 36. Re2 Rh4 37. Rd2 Ke6 38. Kc2 Kd5 39. Kb3 g5 40. Ka4 Ke4 41. Kxa5 Ke3 42. Rg2 Rxd4 43. b4 g4 44. b5 h5 45. b6 Rd5+ 46. Ka6 Rd4 47. b7 Rb4 48. Ka7 Ra4+ 49. Kb6 Rb4+ 50. Kc7 Rc4+ 51. Kb8 Rb4 52. a3 Ra4 53. Rb2 Rxa3 54. Kc7 Ra7 55. Kd6 Rxb7 56. Rxb7 h4 57. Ke5 Kf3 58. Kf5 g3 59. h3 g2 60. Rg7 1-0